| 000 | 01209cam a2200253 4500 | ||
|---|---|---|---|
| 001 | J109141 | ||
| 008 | 000000n2001 000 0 eng u | ||
| 035 | _a(Sirsi) u109141 | ||
| 041 | _aeng | ||
| 050 |
_a692.8 _c18 |
||
| 110 |
_aUnited Kingdom _bLord Chancellor's Department _91274 |
||
| 245 | _aPre-action protocol for the construction and engineering disputes | ||
| 260 |
_aLondon _bLord Chancellor's Department _c2001 |
||
| 520 | _aSets out the procedure to be followed in the construction and engineering industries to encourage the exchange of early and full information about prospective legal claims and to enable parties to avoid litigation by agreeing a settlement of a claim before commencing proceedings. View at www.dca.gov.uk. | ||
| 650 | _aCONSTRUCTION INDUSTRY | ||
| 650 | _aPRE-ACTION PROTOCOL FOR THE CONSTRUCTION AND ENGINEERING DISPUTES | ||
| 650 | _aENGINEERING | ||
| 650 | _aMANAGEMENT-PROJECT MANAGEMENT | ||
| 650 |
_aDISPUTE RESOLUTION _96236 |
||
| 650 | _aLIMITATIONS | ||
| 690 | _aBUILDING AND CONSTRUCTION-LAW | ||
| 856 | 4 | 0 |
_uhttps://www.dca.gov.uk/civil/procrules_fin/contents/protocols/prot_ced.htm _zView the website free of charge at www.dca.gov.uk... |
| 942 | _n0 | ||
| 999 |
_c119718 _d119718 |
||